| 000 | 01728cam a2200289 a 4500 | ||
|---|---|---|---|
| 999 |
_c4260 _d4260 |
||
| 001 | 005517299 | ||
| 003 | OSt | ||
| 005 | 20250204103925.0 | ||
| 008 | 141222r2014 enkad g 000 0 eng d | ||
| 020 |
_a9781107614888 _q(Workbook; _qpbk.) |
||
| 040 |
_aUV1 _beng _ctw-NKUHT _dtw-NKUHT _dKH8 _eaacr |
||
| 042 | _anbic | ||
| 082 | 0 | _a530 SAN | |
| 100 | 1 |
_aSang, David, _eauthor. |
|
| 245 | 1 | 0 |
_aCambridge IGCSE Physics / _cDavid Sang. |
| 246 | 3 | 0 | _aCambridge International General Certificate of Secondary Education Physics. |
| 250 | _a2nd ed. | ||
| 260 |
_aCambridge : _bCambridge University Press, _cc2014. |
||
| 300 |
_a153 p. : _bill., tab. ; _c28 cm. |
||
| 520 | _aThis edition of our successful series to support the Cambridge IGCSE Physics syllabus (0625) is fully updated for the revised syllabus for first examination from 2016. Written by a highly experienced author, Cambridge IGCSE Physics Workbook helps students build the skills required in both their theory and practical examinations. The exercises in this write-in workbook help to consolidate understanding and get used to using knowledge in new situations. They also develop information handling and problem solving skills and develop experimental skills including planning investigations and interpreting results. This accessible book encourages students to engage with the material. The answers to the exercises can be found on the Teacher's Resource CD-ROM. | ||
| 590 | _aWorkbook. | ||
| 610 | 2 | 0 |
_aInternational General Certificate of Secondary Education (IGCSE) _vStudy guides. |
| 650 | 0 |
_aPhysics _vProblems, exercises, etc. |
|
| 650 | 0 |
_aPhysics _vExaminations, questions, etc. |
|
| 650 | 0 |
_aPhysics _xExaminations _vStudy guides. |
|
| 942 |
_2ddc _cNFIC |
||